| 000 | 00000nam##2200000za#4500 |
| 001 | 9.579840 |
| 003 | CaOODSP |
| 005 | 20210624190744 |
| 007 | cr ||||||||||| |
| 008 | 150406|2001||||xxc|||||o f|0| 0 eng|d |
| 022 | |a1488-5387 |
| 040 | |aCaOODSP|beng |
| 043 | |an-cn--- |
| 086 | 1 |aFs97-4/2560E-PDF |
| 110 | 1 |aCanada. |bDepartment of Fisheries and Oceans. |
| 245 | 10|aLaboratory exposures of invertebrate and vertebrate species to concentrations of IA-35 (Petro-Canada) drill, mud fluid, production water, and Hibernia drill mud cuttings / |h[electronic resource]|cby J. Payne ... [et al.] |
| 260 | |aSt. John's - Newfoundland and Labrador : |bFisheries and Oceans Canada |c2001. |
| 300 | |a33p.|breferences, tables |
| 490 | 1 |aCanadian manuscript report of fisheries and aquatic sciences|x1488-5387|vNo. 2560 |
| 500 | |aOn t. p. : Science, Oceans and Environmental Branch, St. John's, NF. The catalogue number and ISSN for the print edition appear in the PDF version. |
| 546 | |a(Résumés en français) |
| 590 | |a14-12-Supp|b2014-05-30 |
| 720 | 1 |aPayne, J. |
| 830 | #0|aCanadian manuscript report of fisheries and aquatic sciences,|x1488-5387|vNo. 2560|w(CaOODSP)9.505211 |
| 856 | 40|ahttp://publications.gc.ca|qPDF|s784 KB|uhttps://publications.gc.ca/collections/collection_2014/mpo-dfo/Fs97-4-2560-eng.pdf|yNo. 2560 |